Statistics for 1995 year quiz

Click here to take the quiz!

General Stats

  • This quiz has been taken 59 times
  • The average score is 5 of 10

Answer Stats

HintAnswer% Correct
Woody and Buzz first appear in this animated filmToy Story
95%
LA jury acquits this actor and sportsman of double murderOJ Simpson
93%
Bill Clinton restores ties with this country 20 years the US lost a war thereVietnam
87%
This newly democratic nation wins the Rugby World CupSouth Africa
60%
The Aum Shinkrikyo cult kills 14 in a Tokyo subway station with this nerve agentSarin
42%
This Israeli peacemaker falls to an assassin's bulletYitzhak Rabin
38%
Rogue trader brings down this storied British bankBarings
18%
The foundation of this global club for commerceThe World Trade Organisation
16%
Serb forces massacre thousands of Bosniak men in this citySrebrenica
11%
This American rapper, known for a wet-ass hit, is bornMegan Thee Stallion
9%

Score Distribution

Percentile by Number Answered

Percent of People with Each Score

Your Score History

You have not taken this quiz